History of Renaissance art: painting, sculpture, architecture throughout Europe.

Bibliographic Details
Main Author: Gilbert, Creighton
Format: Book
Language:English
Published: New York : H.N. Abrams, [1973]
Series:Library of art history.
Subjects:

MARC

Tag First Indicator Second Indicator Subfields
LEADER 00000cam a2200000 4500
001 in00000197739
005 20151009051724.0
008 720606s1973 nyua b 00000 eng
010 |a  72004791  
020 |a 0810901692  |c $18.50 
035 |a (OCoLC)00333729 
035 |9 AAV7243AM 
040 |a DLC  |c DLC  |d TXA  |d UtOrBLW 
049 |a TXAM  |c [1149855] 
050 0 0 |a N6370  |b .G45 1973 
082 0 |a 709/.02/4 
100 1 |a Gilbert, Creighton. 
245 1 0 |a History of Renaissance art: painting, sculpture, architecture throughout Europe. 
264 1 |a New York :  |b H.N. Abrams,  |c [1973] 
300 |a 460 pages :  |b illustrations (part color) ;  |c 30 cm. 
336 |a text  |b txt  |2 rdacontent 
337 |a unmediated  |b n  |2 rdamedia 
338 |a volume  |b nc  |2 rdacarrier 
490 1 |a The Library of art history 
504 |a Bibliography: pages 423-436. 
650 0 |a Art, Renaissance  |x History. 
830 0 |a Library of art history. 
999 |a MARS 
999 f f |s 78ecc128-7348-3c6f-8bd3-f095494152b7  |i 32bddff9-1c38-30e4-9bf7-94b835b0e562  |t 0 
952 f f |p storage  |a Texas A&M University  |b J.J. Pickle Campus  |c High Density Repository  |d Remote Storage  |t 0  |e N6370 .G45 1973  |h Library of Congress classification  |i unmediated -- volume  |m A14803386402 
998 f f |a N6370 .G45 1973  |t 0  |l Remote Storage